|
|
|
|
| LEADER |
01069nam a2200349 4500 |
| 001 |
DLU090096789 |
| 005 |
##20091201 |
| 040 |
# |
# |
|a DLU
|b eng
|
| 041 |
# |
# |
|a eng
|
| 044 |
# |
# |
|a us
|
| 245 |
# |
# |
|a Porphyrin assembly on beta-cyclodextrin for selective sensing and detection of a zinc ion based on the dual emission fluorescence ratio /
|c Ronghua Yang ... [et al.].
|
| 653 |
# |
# |
|a Chemical sensors
|
| 653 |
# |
# |
|a Fluorescence spectrometry
|
| 653 |
# |
# |
|a Ionic selectivity
|
| 653 |
# |
# |
|a Supramolecular structure
|
| 653 |
# |
# |
|a Zinc ion
|
| 700 |
# |
# |
|a Li, Ke'an.
|
| 700 |
# |
# |
|a Li, Na.
|
| 700 |
# |
# |
|a Liu, Feng.
|
| 700 |
# |
# |
|a Wang, Kemin.
|
| 700 |
# |
# |
|a Yang, Ronghua.
|
| 700 |
# |
# |
|a Zhao, Fenglin.
|
| 773 |
# |
# |
|t Analytical Chemistry
|g Vol. 75, no. 3 (February 2003), p. 612-621
|
| 920 |
# |
# |
|a Phòng Tạp chí -- Trung tâm Thông tin - Thư viện Trường Đại học Đà Lạt
|
| 994 |
# |
# |
|a DLU
|
| 900 |
# |
# |
|a True
|
| 911 |
# |
# |
|a Trương Bảo Trâm Anh
|
| 925 |
# |
# |
|a G
|
| 926 |
# |
# |
|a A
|
| 927 |
# |
# |
|a BB
|
| 980 |
# |
# |
|a Thư viện Trường Đại học Đà Lạt
|